000 00556nam a2200217Ia 4500
003 OSt
005 20250424102936.0
008 241129s9999||||xx |||||||||||||| ||und||
020 _a9780312205614
040 _aSDCL
_beng
_cSDCL
041 _aeng
_2eng
084 _aS:2 N9 LR
_qSDCL
100 _aOsho
245 0 _aMaturity :
_bThe Responsibility of Being Oneself
260 _aNew York :
_bSt. Martin's Griffin,
_c1999.
300 _axxi,184p.
365 _aINR
_b399
650 _aReference
942 _cGB
_2CC
_n0
999 _c1233828
_d1233828